Elaboración del currículo: teoría y práctica

Gespeichert in:
Bibliographische Detailangaben
1. Verfasser: Taba, Hilda (VerfasserIn)
Format: Buch
Sprache:Spanisch
Veröffentlicht: Buenos Aires Troquel 1974
Schlagworte:
Tags: Tag hinzufügen
Keine Tags, Fügen Sie den ersten Tag hinzu!

MARC

LEADER 00000nam a2200000 a 4500
001 UCY8668
003 CL-VaPUC
008 950703e19740000AG |||||||||||||||||spa|d
082 0 4 |a 375  |b TAB  |2 21 
100 0 |a Taba, Hilda  |e author  |9 340281 
245 1 0 |a Elaboración del currículo: teoría y práctica 
300 |a 662 p 
942 |c BK 
945 |d 19950703 00:00:00  |a lriquelm 
260 |a Buenos Aires  |b Troquel  |c 1974 
650 0 |a Planificación del currículo  |9 269599 
650 7 |a EVALUACION CURRICULAR  |2 CL-VaPUC  |9 308585 
650 7 |a DESARROLLO DE CURRICULOS  |2 CL-VaPUC  |9 340282 
650 0 |a Investigación educacional   |9 261192 
583 |a last modification  |c 20160914 12:35:01  |k Rodrigo Vera 
999 |c 235895  |d 235893 
952 |0 0  |1 0  |4 0  |6 375_000000000000000_TAB_1974  |7 0  |8 P  |9 243603  |a BIBEDU  |b BIBEDU  |c BIBEDU_PB  |d 2019-11-18  |i 1527630  |o 375 TAB 1974  |p 1527630  |r 2024-01-25  |w 2019-11-18  |y BK  |k EDU 
952 |0 0  |1 0  |4 0  |6 375_000000000000000_TAB_1974  |7 0  |8 P  |9 243604  |a BIBEDU  |b BIBEDU  |c BIBEDU_PB  |d 2019-11-18  |i 1527606  |o 375 TAB 1974  |p 1527606  |r 2024-01-25  |w 2019-11-18  |y BK  |k EDU 
952 |0 0  |1 0  |4 0  |6 375_000000000000000_TAB_1974  |7 0  |8 P  |9 243605  |a BIBEDU  |b BIBEDU  |c BIBEDU_PB  |d 2019-11-18  |i 1527622  |o 375 TAB 1974  |p 1527622  |r 2024-01-25  |w 2019-11-18  |y BK  |k EDU 
952 |0 0  |1 0  |4 0  |6 375_000000000000000_TAB_1974  |7 0  |8 P  |9 243606  |a BIBEDU  |b BIBEDU  |c BIBEDU_PB  |d 2019-11-18  |i 1527614  |o 375 TAB 1974  |p 1527614  |r 2024-01-25  |w 2019-11-18  |y BK  |k EDU